000 00452nam a22001937a 4500
003 MPLRDC
005 20220104114023.0
008 210129b ||||| |||| 00| 0 eng d
020 _a957-32-1497-0
082 _a857.8 XSG v.66
100 _a叶姿麟
245 _a陆上的鱼
_c
250 _a初版一刷
260 _a
_b远流出版公司
_c1992
300 _b
490 _a小说馆. 66
650 _a小说
942 _cBK
_o857.8 XSG v.66
999 _c4183
_d4173